| 000 | 01268nam a2200289Ia 4500 | ||
|---|---|---|---|
| 003 | OSt | ||
| 005 | 20221005111244.0 | ||
| 006 | a|||||r|||| 00| 0 | ||
| 007 | ta | ||
| 008 | 221004b |||||||| |||| 00| 0 hin d | ||
| 020 |
_a9789350002193 (hbk) _c750 |
||
| 024 | _a17553 | ||
| 037 |
_b522, 21/03/2015, Vani Prakashan _cTextual |
||
| 040 |
_aCRL _cCRL _bhin |
||
| 041 |
_2hin _ahin |
||
| 082 | _aY:4515(Q).2, 152Q2 | ||
| 100 |
_aप्रियदर्शिनी विजयश्री _9160228 |
||
| 245 | 0 | _aदेवदासी या धार्मिक वेश्या ? एक पुनिर्विचार | |
| 246 | _aDevadāsī yā dhārmik veshyā ek punirvichāra | ||
| 260 |
_aनई दिल्ली _bवाणी प्रकाशन भारत _c2010 |
||
| 300 |
_a220पृ0 _ccm. |
||
| 650 | _a हिन्दी साहित्य | ||
| 650 | _aभारतीय-लोक साहित्य | ||
| 700 |
_a झा, विजय कुमार, अनु. _9623717 |
||
| 942 |
_hY:4515(Q).2, 152Q2 _cTEXL _2cc |
||
| 999 |
_c1021280 _d1021280 |
||